01146 a2200181 4500003000500000005001700005040000900022082001800031100004600049245006500095260003500160300001000195505056700205650003400772942001200806999001900818952012700837Nust20221124133825.0 cNust a621.38132,ARU aDr. M. Armugam , N . Premakumaran9103503 aElectric circuit theory /cDr. M. Armugam , N . Premakumaran aDehlibKhanna Publishersc1997 a 462p aIntroduction (Page-1), Direct Current Circuits –I (Page-11), Direct Current Circuits –II (Page-35), Network Theory (Page-68), Alternating Current Fundamentals (Page-108), A.C. Circuits (Page-141), Resonance in A.C. Circuits (Page-182), A.C. Network Analysis (Page-204), A.C. Network Theorems (Page-226), Coupled Circuits (Page-249), Poly Phase Circuits (Page-261), Symmetrical Components (Page-284), Circuits Transient (Page-292), Two Port Networks (Page-361), Electric Wave Filters (Page-391), Fourier Series (Page-426), State Variables Analysis (Page-451), aTelecommunication Engineering 2ddccBK c190583d190583 00102ddc4070aMCSbMCScGENd2016-12-12o621.38132,ARUpMCS26645r2016-12-08w2016-12-12yBKzAlmirah No.32, Shelf No.3